000 00344nam a2200145Ia 4500
003 OSt
005 20240101084307.0
008 170523s9999 xx 000 0 und d
020 _a9789350514689
040 _ciimt university meerut
100 _aMAMORIA- CB
245 0 _aPERSONNEL MANAGEMENT
260 _bHIMALAYA PUBLICATION
942 _2ddc
_c02
999 _c425
_d425